000
00300nam a22001337a 4500
008
170131b xxu||||| |||| 00| 0 eng d
020
_a
9780323025669
041
_a
eng
080
_2
3rd
_a
61
100
_a
3
101
_a
shmi
245
_a
CRITICAL THINKING
_c
WINNINGHAN & PREUSSER
942
_2
udc
_c
BK
999
_c
4036
_d
4036